OITNB characters by quotes - Statistics

General Stats
  • This quiz has been taken 200 times
  • The average score is 10 of 15
Answer Stats
Hint Answer % Correct
"I think that when you have a connection with someone, it never really goes away" Alex Vause
98%
"you can't tell people to go and blame them for leaving" Piper chapman
95%
"i can't do sh*t with i'm sorry" Galina Resnikov
93%
"i'm gonna call you dandelion" Crazy Eyes
89%
"Anythings a d*ldo if you're brave enough" Nicky Nichols
81%
"a big hetero hello to all of you" Carrie Black
78%
"Can i have some gum" Dayanara Diaz
74%
"i was an angel" Tiffany Doggett
64%
'White people mess up everything" Cindy Hayes
60%
"it ain't just ice cream, it's chocolate, vanilla swirl with cookie crunch" Tasha Jefferson
59%
"this world is a damaged place, if you can find even a sliver of happiness, stay in it as long as you can" Poussey Washington
56%
"i finally feel like the woman god intended me to be" Sophia Burset
48%
You smile so much, people think something's wrong with you" Aleida Diaz
44%
"even if you're the city already, eventually you'll be the monster" Joe Caputo
40%
We're not a family, we are just eachothers scars" Maria Ruiz
35%
No matching quizzes found
Score Distribution
Percent of People with Each Score
Percentile by Number Answered
Your Score History
You have not taken this quiz